00803 2200277 4500001002100000005001500021035002500036007000300061008004100064082001400105084001600119245012900135260003100264300003300295040001700328090001800345100002000363650002300383700001400406700002500420850001200445990001700457990001700474990001700491990001700508YOGYA00000000000014120240828092847 a0010-081400000000181ta130712s2003 jkia g ind d04223a028.5 a028.5 MUH t14aThe great story of Noah's Ark :bbahtera Nabi Nuh /cYozaf Muhammad; ilustrator, Lutfi LAS; penyunting, Rara Tanjung Hidayat3 aJakarta :bErlangga,c2003 a[25] hlm. :bilus. ;c20 cm. aYOPDYOGbind aK 028.5 MUH g1 aMuhammad, Yozaf 4aBacaan kanak-kanak0 aLutfi LAS0 aRara Tanjung Hidayat aYOPDYOG a7969-PD/B.05 a7970-PD/B.05 a7970-PD/B.05 a7969-PD/B.05